00583nam a22001457a 4500003000400000005001700004008004100021040001400062100002600076245013700102260000900239300003000248500012700278504003200405OSt20171010095525.0120824t xxu||||| |||| 00| 0 eng d aMMSUcULS aVirtudazo, Raymond R. aMorphology and characterization of synthesized hybrid organosilica materials incorporating a biphenyl moiety cRaymond R. Virtudazo  c2006 axvii, 168 leaves c28 cm. aThesis (MS Materials Science & Engineering) -- University of the Philippines-College of Engineering, Diliman, Quezon City  aBibliography: leaves 93-102